| 000 | 00956nam0a22002651 4500 | ||
|---|---|---|---|
| 001 | rc\1146516 | ||
| 005 | 20250622195729.0 | ||
| 035 | _a(NLR Aleph) 006392503 | ||
| 090 |
_a5161169 _c5161169 |
||
| 100 | _a20041129d1980 |||y0rusy50 ca | ||
| 101 | 0 | _arus | |
| 102 | _aRU | ||
| 105 | _ay ||||||||| | ||
| 200 | 1 | _aЭкономический рост и эффективность накопления | |
| 210 |
_aТашкент _cО-во "Знание" УзССР _d1980 |
||
| 215 |
_a22 с. _d20 |
||
| 225 | 1 |
_aВ помощь лектору _fО-во "Знание" УзССР _iЭкономика |
|
| 320 | _aБиблиогр. в конце кн. (5 назв.) | ||
| 700 | 1 |
_aМахмудова _bР.С. _gРайганат Сиражутдиновна |
|
| 701 | 1 |
_aСагидова _bМ.С. _gМунира Сиражутдиновна |
|
| 801 | 0 |
_aRU _bNLR _gpsbo |
|
| 801 | 1 |
_aRU _bELAR _2rusmarc |
|
| 852 |
_aNLR _j81-4/13155 |
||
| 942 | _cBOOK | ||
| 980 | _aNB | ||